000 00647cab a2200217 4500
001 ABS54120
008 090401t1995 xxu||||| |||| 00| 0 eng d
035 _a(Sirsi) u8654
041 _aeng
245 _aAuctions
260 _c1995
350 _a0
490 _aEstates Gazette
_v(9549) 9 December 1995, 85-103(10)
520 _aReports on property auctions, market trends, how regional auctions are offering good returns, and how demand exists for the right property.
650 _aAUCTION MARKET
650 _aAuctioneering
_96218
650 _aREGIONAL AUCTIONS
690 _aAuctioneering
_96218
942 _n0
948 _c04/03/1997
999 _c5365
_d5365